Quiz sur toi - Statistiques

Statistiques générales
  • Ce quiz a été pris 15 fois
  • Le résultat moyen est 3 sur 24
Statistiques - réponses
Hint Réponse % Correct
France
86%
Où tu pourrais vivre ? (pays) Allemagne
29%
Belgique
21%
Budapest
14%
Copenhague
14%
Ton top 3 des villes en Europe Florence
14%
La taille exacte de Zeme (l'unité de mesure est la souch) 0,77 souch
7%
La première fois que tu es venue à Suresnes 12/11/2022
7%
Affiches de tes voyages
7%
Quel sera ton métier ? Bar à jeu solidaire
7%
La personne à qui tu as fait le plus de bisous dans ta vie BIB
7%
Quel sera le prénom de ta fille ? Charlie
7%
Danemark
7%
Ta personnalité dans le test Défenseure
7%
Le premier film dont on a parlé Don't look up
7%
La première chose que tu mangeras en rentrant Fromage
7%
Quelle seras-ton habitation ? Maison en pierre
7%
Ce que je dois t'apprendre Ski
7%
Suède
7%
Tennis
7%
Van
7%
Quelle sera ta déco ? Carte du monde
0%
Le nom de la bière que tu n'as pas bu à Bruxelles Kriek
0%
Livres du monde entier (si t'en as pas marre de moi)
0%
Aucun quiz correspondant
Distribution des résultats
% des personnes avec chaque résultat
Percentile par nombre de réponses
Votre historique - résultats
Vous n’avez pas pris ce quiz